000 00893cam a2200301 4500
001 J1444
008 090401t1993 xxu||||| |||| 00| 0 eng d
035 _a(Sirsi) u43483
041 _aeng
050 _a332.6324
110 _aHillier Parker Research
_92002
245 _aProperty market values - March 1993 - November 1993
260 _aLondon
_bHillier Parker May and Rowden
_c1993
300 _a4 pt. ; 30cm.
350 _a0
520 _aFrom August 1993 produced by Hillier Parker alone.
650 _aCAPITAL VALUES
650 _aINDUSTRIAL PROPERTY
650 _aOFFICES
650 _aPROPERTY MARKET INDICATORS
650 _aPROPERTY MARKET VALUES
650 _aRATES OF RETURN
650 _aSHOPS
690 _aPROPERTY-COMMERCIAL PROPERTY-COMMERCIAL PROPERTY FINANCE AND INVESTMENT
710 _aInvestors Chronicle
_92657
942 _n0
948 _c04/03/1997
999 _c91339
_d91339